Interaktívna tabuľa

Saved in:
Bibliographic Details
Main Author: Podmajerský, Ján, 1991- (Author)
Other Authors: Fogelton, Andrej, 1988- (Thesis advisor)
Format: Manuscript Book
Language:English
Published: Bratislava : STU v Bratislave FIIT, 2013
Subjects:
Online Access:VAIS
Tags: Add Tag
No Tags, Be the first to tag this record!

MARC

LEADER 00000ntm a22000003a 4500
001 stu275784
005 20150617230237.6
008 131005s2013----xo------------------eng-d
040 |a STU  |b slo 
041 0 |a eng 
044 |a xo 
100 1 |a Podmajerský, Ján,  |d 1991-  |4 aut  |u I200  |U FIIT Fakulta informatiky a informačných technológií  |T FIIT Ústav informatiky a softvérového inžinierstva  |X 5734  |U I200  |Y 179  |7 A000005734 
242 0 0 |a Interactive Whiteboard  |y eng 
245 1 |a Interaktívna tabuľa 
260 |a Bratislava :  |b STU v Bratislave FIIT,  |c 2013 
300 |a 40 s  |c príl. 
650 7 |a informatika  |2 stusub 
650 7 |a Informatics  |2 estusub 
650 7 |a počítačové videnie  |2 stusub 
700 1 |a Fogelton, Andrej,  |d 1988-  |4 ths  |u I300  |U FIIT Fakulta informatiky a informačných technológií  |T FIIT Ústav aplikovanej informatiky  |X 36271  |U I300  |Y 180  |7 36271 
856 4 |a info a plný text  |u http://is.stuba.sk/zp/portal_zp.pl?podrobnosti=77737  |3 VAIS 
996 |b IBAP73/13  |c I*BAP73/13  |l II680  |s A  |a 24  |w stu275784_0001